[Event "Florianopolis op 10th"]
[Site "Florianopolis"]
[Date "2024.01.20"]
[Round "1"]
[White "Carvalho, Eduardo Meireles"]
[Black "Calcado, Acyr Rogerio"]
[Result "0-1"]
[WhiteElo "1476"]
[BlackElo "2118"]
[PlyCount "34"]
[EventDate "2024.01.20"]
[EventType "swiss"]
[EventRounds "10"]
[EventCountry "BRA"]
[SourceTitle "CB05_2024"]
[SourceDate "2024.01.31"]
[SourceVersion "1"]
[SourceVersionDate "2024.01.31"]
[SourceQuality "1"]

1. d4 d5 2. Bf4 Nf6 3. Nf3 c5 4. c3 Qb6 5. e3 Nc6 6. b3 Bg4 7. Be2 e6 8. Nbd2 Be7 9. 0-0 0-0 10. Ng5 Bxe2 11. Qxe2 h6 12. Ngf3 Rae8 13. e4 cxd4 14. exd5 Nxd5 15. Be5 Nxc3 16. Qd3 Nb4 17. Qxd4 Ne2+ 0-1

[Event "Florianopolis op 9th"]
[Site "Florianopolis"]
[Date "2023.01.24"]
[Round "3"]
[White "Silva, Gabryel Lunardi Car"]
[Black "Calcado, Acyr Rogerio"]
[Result "0-1"]
[WhiteElo "1697"]
[BlackElo "2106"]
[PlyCount "72"]
[EventDate "2023.01.23"]
[EventType "swiss"]
[EventRounds "10"]
[EventCountry "BRA"]
[SourceTitle "CBM 212 Extra"]
[Source "ChessBase"]
[SourceDate "2023.03.31"]
[SourceVersion "1"]
[SourceVersionDate "2023.03.31"]
[SourceQuality "1"]

1. e4 d5 2. exd5 Nf6 3. Nc3 Nxd5 4. Bc4 e6 5. Qf3 c6 6. Nge2 Nd7 7. d4 N7f6 8. 0-0 Bd6 9. Bg5 Qc7 10. Bxd5 Nxd5 11. Nxd5 cxd5 12. c3 Bxh2+ 13. Kh1 Bd6 14. Rae1 0-0 15. g3 f6 16. Bd2 Qf7 17. Nf4 Bd7 18. Ne2 Rae8 19. Kg2 e5 20. Rh1 e4 21. Qe3 Bg4 22. Rh2 g5 23. Rg1 Qg6 24. Kf1 Bf3 25. Rh3 Qf5 26. Rh2 Re7 27. Ke1 Rg7 28. Rf1 Qd7 29. Ng1 Re8 30. Bc1 Bg4 31. Kd2 f5 32. Kc2 f4 33. Qe1 Qb5 34. Kb1 e3 35. fxe3 fxe3 36. Ka1 Bxg3 0-1

[Event "Matinhos op 6th"]
[Site "Matinhos"]
[Date "2022.09.23"]
[Round "7.5"]
[White "Rodi, Luis Ernesto"]
[Black "Calcado, Acyr Rogerio"]
[Result "1-0"]
[WhiteElo "2327"]
[BlackElo "2088"]
[PlyCount "107"]
[EventDate "2022.09.18"]
[EventType "swiss"]
[EventRounds "7"]
[EventCountry "BRA"]
[SourceTitle "CBM 210 Extra"]
[Source "ChessBase"]
[SourceDate "2022.11.30"]
[SourceVersion "1"]
[SourceVersionDate "2022.11.30"]
[SourceQuality "1"]

1. e4 c5 2. Nc3 Nc6 3. Bb5 Nd4 4. Nf3 a6 5. Bd3 Nc6 6. 0-0 d6 7. Bc4 e6 8. d4 b5 9. Be2 cxd4 10. Nxd4 Bb7 11. Re1 Nf6 12. Nxc6 Bxc6 13. Bf3 Be7 14. a3 0-0 15. Bf4 Qc7 16. Qe2 Rfe8 17. Rad1 Nd7 18. Qd2 Ne5 19. Be2 Red8 20. Qe3 Nc4 21. Bxc4 bxc4 22. Qe2 Bb7 23. Be3 Qc6 24. Bd4 Bf8 25. Qg4 Bc8 26. Qh4 Bb7 27. Re3 Qc7 28. Rh3 h6 29. Rg3 Kh7 30. Qg4 e5 31. Be3 Qd7 32. Qe2 Rac8 33. Rf3 Qe6 34. Bb6 Rd7 35. Nd5 Bxd5 36. exd5 Qg4 37. h3 Qh5 38. g4 Qg6 39. a4 Be7 40. Rc3 f5 41. Rxc4 Rf8 42. Kf1 Kh8 43. gxf5 Rxf5 44. Rd3 Bg5 45. Qg4 Qf7 46. h4 Bc1 47. Qe4 g6 48. Be3 Bxb2 49. Rb3 Bc1 50. Bxc1 Rxf2+ 51. Ke1 Rf1+ 52. Kd2 Qf2+ 53. Kc3 Kg7 54. Qe3 1-0

[Event "Matinhos op 6th"]
[Site "Matinhos"]
[Date "2022.09.21"]
[Round "5.6"]
[White "Calcado, Acyr Rogerio"]
[Black "Silva, Janderson Rossi Da"]
[Result "1-0"]
[WhiteElo "2088"]
[BlackElo "1875"]
[PlyCount "55"]
[EventDate "2022.09.18"]
[EventType "swiss"]
[EventRounds "7"]
[EventCountry "BRA"]
[SourceTitle "CBM 210 Extra"]
[Source "ChessBase"]
[SourceDate "2022.11.30"]
[SourceVersion "1"]
[SourceVersionDate "2022.11.30"]
[SourceQuality "1"]

1. e4 c5 2. Nf3 d6 3. d4 cxd4 4. Qxd4 Nc6 5. Bb5 Bd7 6. Bxc6 Bxc6 7. Nc3 Nf6 8. Bg5 e5 9. Qd3 Be7 10. 0-0-0 Qa5 11. Nd2 0-0-0 12. Nc4 Qc7 13. Ne3 h6 14. Bxf6 Bxf6 15. Ned5 Bxd5 16. Nxd5 Bg5+ 17. Kb1 Qd7 18. h4 Be7 19. Qe3 Kb8 20. Rd3 Rc8 21. Ra3 b6 22. Rd1 Bxh4 23. Nxb6 axb6 24. Qxb6+ Qb7 25. Qxd6+ Qc7 26. Rb3+ Ka8 27. Qd5+ Ka7 28. Ra3+ 1-0

[Event "Florianopolis Winter op 6th"]
[Site "Florianopolis"]
[Date "2022.07.15"]
[Round "5"]
[White "Piccoli, Lucas Fonseca"]
[Black "Calcado, Acyr Rogerio"]
[Result "1-0"]
[WhiteElo "2155"]
[BlackElo "2079"]
[PlyCount "78"]
[EventDate "2022.07.13"]
[EventType "swiss"]
[EventRounds "9"]
[EventCountry "BRA"]
[SourceTitle "CBM 209 Extra"]
[Source "ChessBase"]
[SourceDate "2022.09.30"]
[SourceVersion "1"]
[SourceVersionDate "2022.09.30"]
[SourceQuality "1"]

1. e4 c5 2. Nf3 e6 3. d4 cxd4 4. Nxd4 Qb6 5. Nc3 Bc5 6. Na4 Qa5+ 7. c3 Bxd4 8. Qxd4 e5 9. Qd1 Nf6 10. b4 Qc7 11. f3 d6 12. Bg5 Be6 13. Qd2 Nbd7 14. Rd1 a5 15. Bb5 Ke7 16. 0-0 Nb6 17. Nxb6 Qxb6+ 18. Be3 Qc7 19. c4 axb4 20. Qxb4 b6 21. f4 Ng4 22. fxe5 Nxe5 23. Rd2 Rhd8 24. h3 Rac8 25. Ba6 Rb8 26. Rc1 Nd7 27. Bb5 Nc5 28. Qb1 Qb7 29. Rd4 Nd7 30. Bxd7 Rxd7 31. Rcd1 Rc8 32. Qb4 Ke8 33. Bf4 Qc6 34. Bxd6 Bxc4 35. Bf8 Rdc7 36. Bxg7 Re7 37. Qd2 f6 38. Bh6 f5 39. exf5 Re2 1-0

[Event "Florianopolis op 7th"]
[Site "Florianopolis"]
[Date "2021.01.23"]
[Round "8"]
[White "Calcado, Acyr Rogerio"]
[Black "Jenidarchiche, Douglas Rodrigo"]
[Result "1-0"]
[WhiteElo "2113"]
[BlackElo "1804"]
[PlyCount "69"]
[EventDate "2021.01.18"]
[EventType "swiss"]
[EventRounds "10"]
[EventCountry "BRA"]
[SourceTitle "CBM 200 Extra"]
[Source "ChessBase"]
[SourceDate "2021.03.31"]
[SourceVersion "1"]
[SourceVersionDate "2021.03.31"]
[SourceQuality "1"]

1. e4 c5 2. Nf3 Nc6 3. d4 cxd4 4. Nxd4 g6 5. c4 Bg7 6. Be3 Nf6 7. Nc3 0-0 8. Be2 Nxd4 9. Bxd4 d6 10. 0-0 Bd7 11. h3 Qa5 12. Nd5 Nxd5 13. Bxg7 Kxg7 14. exd5 Qc5 15. Qb3 Rab8 16. Qc3+ Kg8 17. b4 Qc7 18. a4 b5 19. axb5 Bxb5 20. Qd4 Bd7 21. Rxa7 Qc8 22. c5 dxc5 23. bxc5 e5 24. Qc3 Bb5 25. Bxb5 Rxb5 26. Rc1 Rd8 27. Qc4 Rb2 28. Ra2 Rb8 29. c6 Qc7 30. Qc5 Rbc8 31. Ra7 Qd6 32. c7 Rd7 33. Qxd6 Rxd6 34. Rb7 Kg7 35. Rb8 1-0

[Event "Florianopolis op 7th"]
[Site "Florianopolis"]
[Date "2021.01.19"]
[Round "3"]
[White "Rodi, Luis Ernesto"]
[Black "Calcado, Acyr Rogerio"]
[Result "1-0"]
[WhiteElo "2334"]
[BlackElo "2113"]
[PlyCount "39"]
[EventDate "2021.01.18"]
[EventType "swiss"]
[EventRounds "10"]
[EventCountry "BRA"]
[SourceTitle "CBM 200 Extra"]
[Source "ChessBase"]
[SourceDate "2021.03.31"]
[SourceVersion "1"]
[SourceVersionDate "2021.03.31"]
[SourceQuality "1"]

1. e4 c5 2. Nf3 e6 3. d4 cxd4 4. Nxd4 Nc6 5. Nc3 Qc7 6. Be3 a6 7. Qf3 Nf6 8. 0-0-0 Ne5 9. Qg3 b5 10. Bxb5 axb5 11. Ndxb5 Qb8 12. Bf4 d6 13. Rxd6 Nh5 14. Qg5 Bxd6 15. Nxd6+ Qxd6 16. Bxe5 Qc5 17. Qxh5 Bb7 18. Qg5 Qxf2 19. Bxg7 Rg8 20. Qb5+ 1-0

[Event "Florianopolis op 6th"]
[Site "Florianopolis"]
[Date "2020.01.22"]
[Round "4"]
[White "Calcado, Acyr Rogerio"]
[Black "Damasceno, Enzo De Carvalho"]
[Result "1-0"]
[WhiteElo "2132"]
[BlackElo "1687"]
[PlyCount "39"]
[EventDate "2020.01.20"]
[EventType "swiss"]
[EventRounds "10"]
[EventCountry "BRA"]
[SourceTitle "CBM 194 Extra"]
[Source "ChessBase"]
[SourceDate "2020.03.31"]
[SourceVersion "1"]
[SourceVersionDate "2020.03.31"]
[SourceQuality "1"]

1. d4 d5 2. Bf4 Nf6 3. e3 c5 4. c3 Nc6 5. Nd2 Bf5 6. Qb3 Qd7 7. Ngf3 c4 8. Qd1 e6 9. Be2 h6 10. 0-0 Bd6 11. Bxd6 Qxd6 12. b3 cxb3 13. axb3 0-0 14. Nh4 Bh7 15. f4 Ne4 16. Nxe4 Bxe4 17. Bd3 f5 18. Bxe4 fxe4 19. Qh5 Ne7 20. g4 1-0

[Event "Florianopolis op 6th"]
[Site "Florianopolis"]
[Date "2020.01.21"]
[Round "2"]
[White "Calcado, Acyr Rogerio"]
[Black "De Freitas, Julio Eimard"]
[Result "1/2-1/2"]
[WhiteElo "2132"]
[BlackElo "1834"]
[PlyCount "51"]
[EventDate "2020.01.20"]
[EventType "swiss"]
[EventRounds "10"]
[EventCountry "BRA"]
[SourceTitle "CBM 194 Extra"]
[Source "ChessBase"]
[SourceDate "2020.03.31"]
[SourceVersion "1"]
[SourceVersionDate "2020.03.31"]
[SourceQuality "1"]

1. e4 c5 2. Nf3 d6 3. d4 cxd4 4. Nxd4 Nf6 5. Nc3 a6 6. Bg5 e6 7. f4 b5 8. e5 dxe5 9. fxe5 Qc7 10. Qe2 Nbd7 11. 0-0-0 Bb7 12. Bf4 Nc5 13. Qe3 b4 14. Nce2 Nfd7 15. Ng3 Nb6 16. Be2 Nd5 17. Qf2 g6 18. Rhe1 h5 19. Bd2 h4 20. Nf1 Qa5 21. Bc4 Nb6 22. Bxe6 fxe6 23. Qf6 Qxa2 24. Qxg6+ Kd7 25. Bg5 Bd5 26. Ne3 1/2-1/2

[Event "Florianopolis op 6th"]
[Site "Florianopolis"]
[Date "2020.01.21"]
[Round "3"]
[White "Torres, Eduardo Lisboa"]
[Black "Calcado, Acyr Rogerio"]
[Result "1/2-1/2"]
[WhiteElo "1850"]
[BlackElo "2132"]
[PlyCount "65"]
[EventDate "2020.01.20"]
[EventType "swiss"]
[EventRounds "10"]
[EventCountry "BRA"]
[SourceTitle "CBM 194 Extra"]
[Source "ChessBase"]
[SourceDate "2020.03.31"]
[SourceVersion "1"]
[SourceVersionDate "2020.03.31"]
[SourceQuality "1"]

1. d4 d5 2. c4 e6 3. Nc3 Bb4 4. e3 Nf6 5. Nge2 dxc4 6. a3 Be7 7. Ng3 c5 8. dxc5 Qxd1+ 9. Nxd1 Bxc5 10. Bxc4 0-0 11. b4 Be7 12. Bb2 Nbd7 13. Nc3 Nb6 14. Be2 Bd7 15. 0-0 Rac8 16. Rac1 Nc4 17. Bxc4 Rxc4 18. Nce4 Rxc1 19. Rxc1 Nxe4 20. Nxe4 Bc6 21. Nc3 Rd8 22. Rd1 Rxd1+ 23. Nxd1 f5 24. Bd4 a6 25. f3 a5 26. Bc3 g5 27. Nb2 Bb5 28. a4 axb4 29. Bxb4 Bf6 30. axb5 Bxb2 31. h3 g4 32. fxg4 fxg4 33. hxg4 1/2-1/2

[Event "Florianopolis op 6th"]
[Site "Florianopolis"]
[Date "2020.01.20"]
[Round "1"]
[White "Buganca, Luiz Henrique Da Si"]
[Black "Calcado, Acyr Rogerio"]
[Result "1/2-1/2"]
[WhiteElo "1854"]
[BlackElo "2132"]
[PlyCount "75"]
[EventDate "2020.01.20"]
[EventType "swiss"]
[EventRounds "10"]
[EventCountry "BRA"]
[SourceTitle "CBM 194 Extra"]
[Source "ChessBase"]
[SourceDate "2020.03.31"]
[SourceVersion "1"]
[SourceVersionDate "2020.03.31"]
[SourceQuality "1"]

1. d4 d5 2. Nf3 Nf6 3. g3 c5 4. dxc5 e6 5. Bg2 Bxc5 6. 0-0 0-0 7. c4 Nbd7 8. cxd5 Nxd5 9. e4 N5f6 10. Qe2 e5 11. Nc3 b6 12. Rd1 Ng4 13. Rf1 Bb7 14. h3 Ngf6 15. Bg5 h6 16. Bxf6 Qxf6 17. Rfd1 Qe6 18. Nd5 Rac8 19. b4 Bd6 20. a3 Nf6 21. Nxf6+ Qxf6 22. Nh4 Rfd8 23. Rac1 Rxc1 24. Rxc1 g6 25. Rd1 Bf8 26. Rd2 Rxd2 27. Qxd2 Qd6 28. Qc3 Bg7 29. Qc4 Qc6 30. Qd3 Bf6 31. b5 Qc1+ 32. Kh2 Bxh4 33. gxh4 Qf4+ 34. Kh1 Qxh4 35. Qd7 Bxe4 36. Qe8+ Kh7 37. Qxf7+ Kh8 38. Qf8+ 1/2-1/2

[Event "Parana-ch"]
[Site "Maringa"]
[Date "2019.12.14"]
[Round "5"]
[White "Borges, Leonardo Hisao Hera"]
[Black "Calcado, Acyr Rogerio"]
[Result "0-1"]
[WhiteElo "1798"]
[BlackElo "2141"]
[PlyCount "64"]
[EventDate "2019.12.12"]
[EventType "swiss"]
[EventRounds "7"]
[EventCountry "BRA"]
[SourceTitle "CBM 193 Extra"]
[Source "ChessBase"]
[SourceDate "2020.01.31"]
[SourceVersion "1"]
[SourceVersionDate "2020.01.31"]
[SourceQuality "1"]

1. Nf3 d5 2. g3 Nf6 3. Bg2 c6 4. 0-0 Bf5 5. d3 e6 6. Nbd2 Be7 7. h3 h6 8. c4 0-0 9. b3 a5 10. a3 Re8 11. Bb2 Bh7 12. Qc2 Bd6 13. Rfb1 e5 14. e4 Nbd7 15. Nh4 dxe4 16. dxe4 Bc5 17. Rf1 Qb6 18. g4 Rad8 19. Nf5 Bxf5 20. exf5 Bd4 21. Bxd4 exd4 22. b4 axb4 23. axb4 Qxb4 24. Rab1 Qc3 25. Qxc3 dxc3 26. Nb3 Ne4 27. Bxe4 Rxe4 28. Na5 Nc5 29. Rfc1 Rd3 30. Kg2 Re2 31. Rf1 c2 32. Ra1 Rc3 0-1

[Event "Parana-ch"]
[Site "Maringa"]
[Date "2019.12.14"]
[Round "6"]
[White "Calcado, Acyr Rogerio"]
[Black "Almeida Junior, Alvaro Alves de"]
[Result "0-1"]
[WhiteElo "2141"]
[BlackElo "2137"]
[PlyCount "94"]
[EventDate "2019.12.12"]
[EventType "swiss"]
[EventRounds "7"]
[EventCountry "BRA"]
[SourceTitle "CBM 193 Extra"]
[Source "ChessBase"]
[SourceDate "2020.01.31"]
[SourceVersion "1"]
[SourceVersionDate "2020.01.31"]
[SourceQuality "1"]

1. d4 Nf6 2. Bf4 d5 3. e3 c5 4. c3 Nc6 5. Nd2 Qb6 6. Qb3 c4 7. Qc2 Nh5 8. Bg5 h6 9. Bh4 e5 10. Be2 Nf6 11. dxe5 Nxe5 12. Ngf3 Ng6 13. Bg3 Bd6 14. Nd4 0-0 15. 0-0 Re8 16. b3 cxb3 17. axb3 Bd7 18. Bd3 Ne5 19. Nf5 Bf8 20. Bxe5 Rxe5 21. Nf3 Ree8 22. N5d4 Rac8 23. Rfc1 a6 24. Nd2 Bd6 25. Bf5 Qc7 26. h3 Bxf5 27. Qxf5 Re5 28. Qd3 Ne4 29. Nxe4 dxe4 30. Qe2 Rc5 31. c4 Rg5 32. Rd1 Qe7 33. f4 exf3 34. Nxf3 Rg6 35. Rd3 Re8 36. Rad1 Bc5 37. Kf2 Qc7 38. Kf1 Rge6 39. Re1 Rxe3 40. Rxe3 Rxe3 41. Qc2 Rxe1+ 42. Kxe1 Qf4 43. Qd3 Qg3+ 44. Kd1 Qxg2 45. Qd8+ Bf8 46. Qd5 b5 47. Qf5 Qf1+ 0-1